000 00799nam0a22002411 4500
001 rc\2799916
005 20230601183909.0
035 _a(NLR Aleph) 006925940
090 _a7496886
_c7496886
100 _a20110915d1936 |||y0rusy50 ca
101 0 _arus
102 _aRU
105 _aa z |||||
200 1 _aПамятка по работе на счетно-вычислительных приборах
_fВ. Э. Шритт
210 _aКазань
_cКафедра соц. учета КФЭИ
_d1936
_gПолиграфшкола им. А. В. Луначарского
215 _aОбл., 76 с.
_cил.
_d14х10 см.
700 1 _aШритт
_bВ. Э.
801 0 _aRU
_bNLR
_gpsbo
801 1 _aRU
_bELAR
_2rusmarc
852 _aNLR
_j36-8/858
942 _cBOOK
980 _aNB